Razrabotka problematiky associativnych polej v Rossijskoj lingvistike

Analýza podstaty asociatívných pojmov, noriem a vydávanie asociatívnych slovníkov ruských jazykovedcov.

Guardado en:
Detalles Bibliográficos
Autor principal: Dulebová, Irina
Otros Autores: Dziváková, Michaela, 1979-
Formato: Capítulo de libro
Lenguaje:ruso
Materias:
Etiquetas: Agregar Etiqueta
Sin Etiquetas, Sea el primero en etiquetar este registro!

MARC

LEADER 00000naa a2200000 4500
001 0174821
005 20240502073000.2
041 0 |a rus 
044 |a SK 
245 1 0 |a Razrabotka problematiky associativnych polej v Rossijskoj lingvistike  |c Irina Dulebová, Michaela Dziváková 
520 |a Analýza podstaty asociatívných pojmov, noriem a vydávanie asociatívnych slovníkov ruských jazykovedcov. 
610 2 0 |a jazyky cudzie 
610 2 0 |a ruština 
610 2 0 |a jazykoveda 
100 1 |a Dulebová, Irina 
700 1 |a Dziváková, Michaela, 1979-